|
|
|
|
| LEADER |
00000nas a2200000 i 4500 |
| 001 |
ssj0001284185 |
| 003 |
WaSeSS |
| 005 |
20200512172242.0 |
| 006 |
m d |
| 007 |
cr n |
| 008 |
140730c20uu9999nz ar p|s|||||| |0eng d |
| 022 |
|
|
|a 2230-4096
|l 2230-4096
|
| 035 |
|
|
|a (WaSeSS)ssj0001284185
|
| 040 |
|
|
|a WaSeSS
|b eng
|c WaSeSS
|d WaSeSS
|
| 050 |
|
4 |
|a QD551
|
| 210 |
1 |
|
|a Rep. electrochem.
|
| 222 |
|
0 |
|a Reports in electrochemistry
|
| 245 |
0 |
0 |
|a Reports in electrochemistry
|h [electronic resource].
|
| 260 |
|
|
|a Auckland, New Zealand :
|b Dove Medical Press
|
| 310 |
|
|
|a Annual
|
| 506 |
|
|
|a License restrictions may limit access.
|
| 588 |
|
|
|a Description based on: Volume 2 (January 1, 2012); title from title screen (Academic OneFile, viewed Jul. 28, 2014).
|
| 588 |
|
|
|a Latest issue consulted: Volume 3 (January 1, 2013) (viewed Jul. 28, 2014).
|
| 650 |
|
0 |
|a Electrochemistry
|v Periodicals.
|
| 655 |
|
0 |
|a Electronic journals.
|
| 856 |
4 |
0 |
|z Full text available from Research Library: 01/01/2011 to 01/31/2016
|u https://search.proquest.com/publication/3933297
|